000 00907nam a2200205Ia 4500
999 _c51981
_d51981
001 18984
003 GE_BSU
005 20210525133255.0
008 181216s1999||||ge |||||||||||||| ||geo||
040 _cGE_BSU
041 _ageo
080 _a821.353.1 ბ-65
100 _aბიბილეიშვილი, იური
_9800
245 _aაჭარაში მოღვაწე მწერალთა შემოქმედება /
_cიური ბიბილეიშვილი; ბათუმის შოთა რუსთაველის სახელმწიფო უნივერსიტეტი.
264 _aბათუმი,
_b
_c1999.
300 _a325 გვ.,
_b30 სმ.
653 _aაჭარაში მოღვაწე მწერალთა შემოქმედება
653 _aდისერტაცია
942 _cBK
_2udc